|
|
|
|
| LEADER |
00000nam a22000007a 4500 |
| 005 |
20210907234010.0 |
| 007 |
cr|||| |||| |
| 008 |
210907s2020 eu |||||s|||| 00||0 eng d |
| 020 |
|
|
|a 978-92-846-6902-8
|
| 035 |
|
|
|a 34590
|
| 040 |
|
|
|a vLex
|
| 090 |
|
|
|c 12310
|d 12310
|
| 100 |
1 |
|
|a Br̀d, Petra
|
| 245 |
1 |
0 |
|a Hate speech and hate crime in the EU and the evaluation of online content regulation approaches
|h [Recurso electrn̤ico] /
|c Petra Br̀d, Judit Bayer
|
| 256 |
|
|
|a Servicio en ln̕ea
|
| 260 |
|
|
|a Bruselas:
|b European Union Publications Office,
|c 2020
|
| 300 |
|
|
|a 1 recurso electrn̤ico
|
| 506 |
1 |
|
|a Disponible solo en los productos indicados
|d vLex Global
|d vLex Global (Academic Edition, excluding Law Schools)
|d vLex Global (U.S. Academic Edition, Law Schools)
|d vLex Global (U.S. Academic Edition, excluding Law Schools)
|d vLex Global (Academic Edition, Law Schools)
|
| 650 |
0 |
4 |
|a Derecho Penal
|z Unin̤ Europea
|
| 650 |
0 |
4 |
|a Derecho Comunitario
|z Unin̤ Europea
|
| 700 |
1 |
|
|a Bayer, Judit
|
| 740 |
0 |
|
|a vLex Libros (Servicio en ln̕ea)
|
| 856 |
4 |
0 |
|u https://app.vlex.com/#/sources/34590
|z Acceso restringido
|
| 942 |
|
|
|c BOOK
|
| 999 |
0 |
|
|a Criminal Law
|
| 999 |
0 |
|
|a Community Law
|